000 00500nam a2200193Ia 4500
003 GCL
008 140319s9999 xx 000 0 ara d
040 _aGCL /
_cGCL
082 0 4 _a746.3
_bم ل
100 1 _aمحى الدين اللباد
245 1 0 _aلغة بدون كلمات /
_cمحى الدين اللباد
300 _a58 ص
490 _a
650 0 4 _aالملابس
650 0 4 _aصناعة وتجارة
650 0 4 _aالازياء
650 0 4 _aالموضة
942 _2ddc
_cBK
999 _c40935
_d40935